书目信息 |
| 题名: |
基础设计
|
|
| 作者: | 谢大康 , 刘向东 编著 | |
| 分册: | ||
| 出版信息: | 北京 化学工业出版社 2003.08 |
|
| 页数: | 142页 | |
| 开本: | 26cm | |
| 丛书名: | ||
| 单 册: | ||
| 中图分类: | J06 | |
| 科图分类: | ||
| 主题词: | 美术理论 | |
| 电子资源: | ||
| ISBN: | 7-5025-4271-X | |
| 000 | 00652nam0 2200217 45 | |
| 001 | 0430087769 | |
| 005 | 2004042608212769 | |
| 010 | @a7-5025-4271-X@dCNY 35.00 | |
| 100 | @a20040426d2003 km y0chiy0120 ea | |
| 101 | 0 | @achi |
| 102 | @aCN@b110000 | |
| 200 | 1 | @a基础设计@AJi Chu She Ji@e综合造型基础@f谢大康,刘向东编著@FXie Da Kang,Liu Xiang Dong Bian Zhu |
| 210 | @a北京@c化学工业出版社@d2003.08 | |
| 215 | @a142页@d26cm | |
| 517 | @a综合造型基础@AZong He Zao Xing Ji Chu | |
| 606 | 0 | @a美术理论 |
| 690 | @aJ06@v3 | |
| 701 | 0 | @a谢大康@AXie Da Kang@4编著 |
| 701 | 0 | @a刘向东@ALiu Xiang Dong@4编著 |
| 801 | 0 | @aCN@bPFT@c20040426 |
| 905 | @dJ06@eX433 | |
| 基础设计:综合造型基础/谢大康,刘向东编著.-北京:化学工业出版社,2003.08 |
| 142页;26cm |
| ISBN 7-5025-4271-X:CNY 35.00 |
| ● |
| 相关链接 |
|
|
|
正题名:基础设计
索取号:J06/X433
 
预约/预借
| 序号 | 登录号 | 条形码 | 馆藏地/架位号 | 状态 | 备注 |
| 1 | 390012 | 203900127 | 社科库309/309社科库 63排1列4层/ [索取号:J06/X433] | 在馆 | |
| 2 | 390013 | 203900136 | 艺术设计学院资料室/ [索取号:J06/X433] | 在馆 | |
| 3 | 390014 | 203900145 | 社科库309/309社科库 63排1列4层/ [索取号:J06/X433] | 在馆 |